[Event "Stay Safe Play From Home 175"]
[Site "T#646355Emanuel Laske"]
[Date "2020.05.26"]
[Round "6"]
[White "Tolka"]
[Black "Lamborghini"]
[Result "1-0"]
[WhiteElo "2198"]
[BlackElo "2206"]
[Annotator "TA"]
[PlyCount "103"]
[EventDate "2020.05.26"]
[EventType "swiss (blitz)"]

{[%evp 14,103,52,58,63,16,72,39,93,-5,25,26,92,0,87,29,33,9,8,10,19,6,22,0,0,-50,-28,-77,-40,-59,-11,-14,0,-41,-37,-47,-19,-24,-2,-175,-4,-139,0,0,48,0,0,-35,-51,-115,0,-41,-41,-61,-52,-50,0,0,0,8,56,21,20,10,8,0,89,82,260,300,264,251,281,232,264,247,233,229,225,0,680,630,475,66,883,8,893,650,615,556,29985,29986]} 1. e4 g6 2. d4 Bg7 3. c3 d6 4. Bd3 Nf6 5. Nf3 O-O 6. O-O Nc6 7. h3 e5 8. Re1 a6 {B07: Pirc Defence: Miscellaneous Systems.} 9. a4 {[#]} Bd7 $146 (9... a5 $11) ({Predecessor:} 9... a5 10. Na3 Nd7 11. Nc2 exd4 12. cxd4 Nb6 13. b3 Bd7 14. Bb2 d5 15. e5 Be6 16. Ne3 {0-1 (46) Svetushkin,D (2515)-Cardoso Cardoso,J (2414) chess.com INT 2020}) 10. Na3 Qe7 (10... exd4 $14 11. cxd4 Nb4) 11. dxe5 (11. d5 $16) 11... dxe5 12. Nc4 Rad8 (12... Be6 $11) 13. Qe2 (13. b4 $16) 13... Bc8 (13... Nh5 $11) 14. Bg5 (14. b4 $16) 14... h6 $11 15. Bh4 g5 16. Bg3 {[%cal Rc4e5]} Nh5 17. Bc2 Nf4 18. Bxf4 exf4 19. Rad1 Be6 20. Bb3 Rxd1 (20... h5 {seems wilder.} 21. Nh2 Qc5 22. Rd5 Rxd5 23. exd5 Bxd5 24. Nd2 Bxb3 25. Nxb3 Qe5) 21. Rxd1 Rd8 22. Rxd8+ Qxd8 23. Qd2 (23. Ncd2 {is interesting.} Bxb3 24. Nxb3 Ne5 25. Nxe5 Bxe5 26. Nd2) 23... Qxd2 24. Nfxd2 Bc8 25. a5 Kf8 26. Na3 $2 (26. Bd1 $11) 26... Be5 $2 ({Black should try} 26... Nxa5 $19 27. Bd5 Ke7) 27. Bd5 (27. Nac4 $11 {keeps the balance.}) 27... Bd6 (27... Nxa5 $17 28. Nc2 Bg7) 28. Nac4 Ne7 29. b4 Nxd5 30. exd5 {[%mdl 4096] Endgame KBB-KNN} Be7 $1 31. Kf1 (31. f3 $15) 31... f5 (31... Bf5 $17 {And now ...Bf6 would win.} 32. Ke2 Ke8) 32. f3 Bf6 33. Nb1 $1 Bd7 {Threatens to win with ...Bb5.} 34. Ke2 Bb5 (34... Be8 $15) 35. Kd3 Ke7 36. Nba3 Bd7 37. Nd2 Kd6 38. c4 c5 39. b5 axb5 (39... Bb2 $11 {remains equal.} 40. Ndb1 h5) 40. Nxb5+ $16 Bxb5 $2 (40... Ke5 $16 {is a better defense.}) 41. cxb5 $18 Kxd5 $11 {KB-KN} 42. Nc4 $1 {[%cal Rc4b6]} Bd8 43. a6 bxa6 44. bxa6 {Intending a7 and mate.} Kc6 45. Ne5+ Kb6 {[#]} 46. Nf7 $2 (46. a7 $1 $18 {[%mdl 512]} Kb7 (46... Kxa7 47. Nc6+) 47. Kc4) 46... Bc7 $2 {[%mdl 8192] [#]} (46... Be7 $11) 47. Kc4 $1 $18 Kxa6 48. Nxh6 $2 (48. Kxc5 $18 Kb7 49. Nxh6) 48... Ka5 $2 {[%mdl 8192]} (48... Kb6 $14) 49. Nxf5 $2 ({White has to play} 49. Kxc5 $18 {Black must now prevent Nf7.} Be5 50. Nxf5) 49... Ka4 $2 {[%mdl 8192]} (49... Kb6 $11) 50. Ne7 Be5 51. Nd5 Bf6 52. Nxf6 {Accuracy: White = 40%, Black = 35%.} 1-0

[Event "Stay Safe Play From Home 175"]
[Site "T#646355Emanuel Laske"]
[Date "2020.05.26"]
[Round "6"]
[White "Haxhi Baha"]
[Black "matanant"]
[Result "1-0"]
[WhiteElo "1929"]
[BlackElo "1680"]
[Annotator "TA"]
[PlyCount "49"]
[EventDate "2020.05.26"]
[EventType "swiss (blitz)"]

{[%evp 9,49,-27,-27,-39,-40,-108,-16,-26,24,-78,-81,-73,-8,-139,-128,-134,-50,-36,0,-121,175,155,584,559,693,680,725,718,720,697,707,675,782,-29998,1092,1019,1700,1688,1636,1619,1822,1537]} 1. e4 e5 2. f4 d5 3. exd5 e4 4. d4 Nf6 5. c4 Bb4+ 6. Nc3 {Qa4+ is the strong threat. C32: Falkbeer Counter Gambit: 3 exd5 e4 4 d3 Nf6.} O-O {[#]} 7. Qb3 $146 {[#]} (7. Nge2 $15) ({Predecessor:} 7. Be3 b5 8. Qd2 Bb7 9. Nh3 c6 10. b3 bxc4 11. bxc4 cxd5 12. c5 Qa5 13. Rc1 {0-1 (31) Castaneda,V (1900)-Univio Sanchez,G (2053) Bogota 2012}) 7... a5 ({Black should try} 7... Ba5 $1 $17) 8. Nge2 $11 {The position is equal.} c5 9. dxc6 (9. a3 $11 a4 10. Qc2 Bxc3+ 11. bxc3) 9... Nxc6 $17 10. d5 Ne7 ({Better is} 10... a4 $17 11. Qc2 Ne7) 11. h3 (11. Nd4 $11) 11... Nf5 {[%mdl 1024] White must now prevent ...b5! Black has strong compensation.} 12. g4 {[#]} Nh4 (12... Nd7 $1 $17 {[%cal Rd7c5] aiming for ...Nc5.} 13. Kd1 (13. gxf5 $2 Nc5 $19) 13... Nc5) 13. Be3 $15 {And now 0-0-0 would win.} Nf3+ 14. Kf2 (14. Kd1 $11) 14... Nd7 $2 {[%mdl 8192]} (14... Bxg4 $1 $17 15. a3 Bxc3 16. Nxc3 Bh5) 15. Nxe4 $18 Re8 $2 (15... f5 $16) 16. Kxf3 Rxe4 17. Kxe4 Nc5+ 18. Bxc5 $1 Bxc5 19. Kf3 Qe7 20. Ng3 Bd7 21. Bd3 $4 {[%mdl 8192]} (21. Ne4 $18) 21... Re8 $4 {[%mdl 8192]} (21... Qe3+ 22. Kg2 Qf2#) 22. Rae1 {White is clearly winning.} Be3 {[#]} 23. Bxh7+ $1 Kxh7 24. Rxe3 Qc5 25. Qd3+ {White used his chance. Accuracy: White = 45%, Black = 21%.} 1-0

[Event "Stay Safe Play From Home 175"]
[Site "T#646355Emanuel Laske"]
[Date "2020.05.26"]
[Round "6"]
[White "Justwatch"]
[Black "The Next Contender"]
[Result "1-0"]
[WhiteElo "1729"]
[BlackElo "1897"]
[Annotator "NA RC"]
[PlyCount "123"]
[EventDate "2020.05.26"]
[EventType "swiss (blitz)"]

1. e4 {[%emt 0:00:02]} d5 {[%emt 0:00:00]} 2. exd5 {[%emt 0:00:01]} Qxd5 {[%emt 0:00:00]} 3. Nc3 {[%emt 0:00:00]} Qa5 {[%emt 0:00:00]} 4. Nf3 {[%emt 0:00:00]} c6 {[%emt 0:00:00]} 5. d3 {[%emt 0:00:00]} Bf5 {[%emt 0:00:00]} 6. Bd2 {[%emt 0:00:00]} Qc7 {[%emt 0:00:03]} 7. Ne4 {[%emt 0:00:00]} e6 {[%emt 0:00:01]} 8. Ng3 {[%emt 0:00:01]} Bg6 {[%emt 0:00:01]} 9. Be2 {[%emt 0:00:00]} Be7 {[%emt 0:00:01]} 10. Bc3 {[%emt 0:00:00]} Nf6 {[%emt 0:00:00]} 11. O-O {[%emt 0:00:01]} O-O {[%emt 0:00:00]} 12. Ne5 {[%emt 0:00:01]} Nbd7 {[%emt 0:00:00]} 13. Nxg6 {[%emt 0:00:01]} hxg6 {[%emt 0:00:01]} 14. Bf3 {[%emt 0:00:02]} Nd5 {[%emt 0:00:01]} 15. Ne4 {[%emt 0:00:01]} N7f6 {[%emt 0:00:01]} 16. Nxf6+ {[%emt 0:00:01]} Bxf6 {[%emt 0:00:03]} 17. Bxd5 {[%emt 0:00:01]} cxd5 {[%emt 0:00:00]} 18. Bxf6 {[%emt 0:00:01]} gxf6 {[%emt 0:00:00]} 19. c3 {[%emt 0:00:00]} Kg7 {[%emt 0:00:02]} 20. Qf3 {[%emt 0:00:01]} Rh8 {[%emt 0:00:00]} 21. h3 {[%emt 0:00:02]} Rad8 {[%emt 0:00:02]} 22. d4 {[%emt 0:00:02]} Rh5 {[%emt 0:00:01]} 23. Qg3 {[%emt 0:00:02]} Qb6 {[%emt 0:00:04]} 24. b3 {[%emt 0:00:02]} Rdh8 {[%emt 0:00:01]} 25. Qd3 {[%emt 0:00:02]} Qc7 {[%emt 0:00:02]} 26. f4 {[%emt 0:00:04]} Rf5 {[%emt 0:00:03]} 27. Qe3 {[%emt 0:00:03]} g5 {[%emt 0:00:03]} 28. fxg5 {[%emt 0:00:02]} Rxg5 {[%emt 0:00:00]} 29. Rf2 {[%emt 0:00:03]} Rg3 {[%emt 0:00:01]} 30. Qf4 {[%emt 0:00:07]} Qxf4 {[%emt 0:00:05]} 31. Rxf4 {[%emt 0:00:00]} Rhxh3 {[%emt 0:00:00]} 32. Kf2 {[%emt 0:00:02]} Rxc3 {[%emt 0:00:13]} 33. gxh3 {[%emt 0:00:01]} Rxh3 {[%emt 0:00:00]} 34. Rg1+ {[%emt 0:00:01]} Kf8 {[%emt 0:00:01]} 35. Rg2 {[%emt 0:00:00]} Ke7 {[%emt 0:00:00]} 36. Rfg4 {[%emt 0:00:01]} Rc3 {[%emt 0:00:00]} 37. R4g3 {[%emt 0:00:00]} Rc2+ {[%emt 0:00:00]} 38. Kg1 {[%emt 0:00:01]} Rc1+ {[%emt 0:00:00]} 39. Kh2 {[%emt 0:00:00]} Ra1 {[%emt 0:00:01]} 40. Rc3 {[%emt 0:00:02]} Rd1 {[%emt 0:00:00]} 41. Rc7+ {[%emt 0:00:01]} Kd6 {[%emt 0:00:00]} 42. Rxb7 {[%emt 0:00:00]} Rxd4 {[%emt 0:00:00]} 43. Rxa7 {[%emt 0:00:00]} f5 {[%emt 0:00:00]} 44. Rxf7 {[%emt 0:00:00]} Ke5 {[%emt 0:00:00]} 45. Rf8 {[%emt 0:00:00]} Rh4+ {[%emt 0:00:00]} 46. Kg1 {[%emt 0:00:01]} d4 {[%emt 0:00:00]} 47. Re2+ {[%emt 0:00:00]} Kf4 {[%emt 0:00:01]} 48. Re8 {[%emt 0:00:00]} Rg4+ {[%emt 0:00:00]} 49. Kf1 {[%emt 0:00:01]} d3 {[%emt 0:00:00]} 50. Rf2+ {[%emt 0:00:00]} Ke5 {[%emt 0:00:01]} 51. Ke1 {[%emt 0:00:02]} Rd4 {[%emt 0:00:01]} 52. Kd2 {[%emt 0:00:00]} Re4 {[%emt 0:00:00]} 53. Rf1 {[%emt 0:00:00]} Rd4 {[%emt 0:00:00]} 54. Re1+ {[%emt 0:00:00]} Re4 {[%emt 0:00:00]} 55. Kc3 {[%emt 0:00:00]} Rxe1 {[%emt 0:00:01]} 56. Kxd3 {[%emt 0:00:00]} Re2 {[%emt 0:00:00]} 57. Kc3 {[%emt 0:00:01]} Rxa2 {[%emt 0:00:00]} 58. Kb4 {[%emt 0:00:00]} f4 {[%emt 0:00:00]} 59. Rc8 {[%emt 0:00:01]} Ra3 {[%emt 0:00:00]} 60. Rc5+ {[%emt 0:00:00]} Kd6 {[%emt 0:00:01]} 61. Rc4 {[%emt 0:00:00]} Ra6 {[%emt 0:00:00]} 62. Rc6+ {[%emt 0:00:01]} 1-0

[Event "Stay Safe Play From Home 175"]
[Site "T#646355Emanuel Laske"]
[Date "2020.05.26"]
[Round "6"]
[White "Grizzzly"]
[Black "Haris kollari 13"]
[Result "1-0"]
[WhiteElo "1669"]
[BlackElo "1677"]
[Annotator "NA"]
[PlyCount "61"]
[EventDate "2020.05.26"]
[EventType "swiss (blitz)"]

1. d4 {[%emt 0:00:01]} e6 {[%emt 0:00:01]} 2. Nf3 {[%emt 0:00:01]} d5 {[%emt 0:00:00]} 3. Bf4 {[%emt 0:00:01]} c5 {[%emt 0:00:01]} 4. e3 {[%emt 0:00:01]} Nc6 {[%emt 0:00:01]} 5. c3 {[%emt 0:00:02]} f5 {[%emt 0:00:01]} 6. Bd3 {[%emt 0:00:01]} c4 {[%emt 0:00:00]} 7. Bc2 {[%emt 0:00:01]} b5 {[%emt 0:00:00]} 8. O-O {[%emt 0:00:01]} Bd7 {[%emt 0:00:01]} 9. a4 {[%emt 0:00:01]} a6 {[%emt 0:00:01]} 10. axb5 {[%emt 0:00:00]} axb5 {[%emt 0:00:01]} 11. Rxa8 {[%emt 0:00:01]} Qxa8 {[%emt 0:00:00]} 12. Ne5 {[%emt 0:00:02]} Nxe5 {[%emt 0:00:01]} 13. Bxe5 {[%emt 0:00:01]} Qa2 {[%emt 0:00:02]} 14. Qc1 {[%emt 0:00:03]} Nf6 {[%emt 0:00:02]} 15. Na3 {[%emt 0:00:01]} b4 {[%emt 0:00:03]} 16. cxb4 {[%emt 0:00:05]} Bxb4 {[%emt 0:00:02]} 17. Qa1 {[%emt 0:00:03]} Qxa1 {[%emt 0:00:05]} 18. Rxa1 {[%emt 0:00:01]} O-O {[%emt 0:00:01]} 19. Nb1 {[%emt 0:00:07]} Rb8 {[%emt 0:00:02]} 20. Ba4 {[%emt 0:00:01]} Bf8 {[%emt 0:00:09]} 21. Bxd7 {[%emt 0:00:02]} Rxb2 {[%emt 0:00:04]} 22. Bxe6+ {[%emt 0:00:03]} Kh8 {[%emt 0:00:02]} 23. Nc3 {[%emt 0:00:02]} Ne4 {[%emt 0:00:07]} 24. Nxe4 {[%emt 0:00:02]} fxe4 {[%emt 0:00:03]} 25. Bxd5 {[%emt 0:00:01]} h6 {[%emt 0:00:02]} 26. Bxe4 {[%emt 0:00:01]} c3 {[%emt 0:00:01]} 27. h4 {[%emt 0:00:06]} Kg8 {[%emt 0:00:01]} 28. Rc1 {[%emt 0:00:03]} Bb4 {[%emt 0:00:03]} 29. d5 {[%emt 0:00:00]} Kf7 {[%emt 0:00:01]} 30. Bxc3 {[%emt 0:00:01]} Bxc3 {[%emt 0:00:02]} 31. Rxc3 {[%emt 0:00:00] Time (Lag: Av=0.36s, max=0.7s)} 1-0

[Event "Stay Safe Play From Home 175"]
[Site "T#646355Emanuel Laske"]
[Date "2020.05.26"]
[Round "6"]
[White "Trotsky"]
[Black "NeatFox"]
[Result "1-0"]
[WhiteElo "1534"]
[BlackElo "1750"]
[Annotator "NA RC"]
[PlyCount "37"]
[EventDate "2020.05.26"]
[EventType "swiss (blitz)"]

1. d4 {[%emt 0:00:01]} d5 {[%emt 0:00:01]} 2. e3 {[%emt 0:00:00]} Nc6 {[%emt 0:00:00]} 3. c4 {[%emt 0:00:01]} e6 {[%emt 0:00:00]} 4. Nc3 {[%emt 0:00:01]} dxc4 {[%emt 0:00:01]} 5. Bxc4 {[%emt 0:00:01]} Nf6 {[%emt 0:00:00]} 6. Nf3 {[%emt 0:00:01]} Nd5 {[%emt 0:00:00]} 7. a3 {[%emt 0:00:03]} Nxc3 {[%emt 0:00:01]} 8. bxc3 {[%emt 0:00:01]} Bd7 {[%emt 0:00:00]} 9. Bd3 {[%emt 0:00:02]} Be7 {[%emt 0:00:00]} 10. Qd2 {[%emt 0:00:01]} O-O {[%emt 0:00:01]} 11. h4 {[%emt 0:00:01]} Bf6 {[%emt 0:00:01]} 12. Ng5 {[%emt 0:00:01]} Ne7 {[%emt 0:00:01]} 13. Qc2 {[%emt 0:00:01]} g6 {[%emt 0:00:01]} 14. h5 {[%emt 0:00:01]} Bxg5 {[%emt 0:00:01]} 15. hxg6 {[%emt 0:00:01]} fxg6 {[%emt 0:00:01]} 16. Bd2 {[%emt 0:00:02]} Nf5 {[%emt 0:00:01]} 17. g4 {[%emt 0:00:02]} Nd6 {[%emt 0:00:01]} 18. Bxg6 {[%emt 0:00:01]} hxg6 {[%emt 0:00:01]} 19. Qxg6# {[%emt 0:00:01] (Lag: Av=0.28s, max=0.3s)} 1-0

[Event "Stay Safe Play From Home 175"]
[Site "T#646355Emanuel Laske"]
[Date "2020.05.26"]
[Round "7"]
[White "Eidgenosse"]
[Black "Tolka"]
[Result "0-1"]
[WhiteElo "2435"]
[BlackElo "2215"]
[Annotator "TA"]
[PlyCount "124"]
[EventDate "2020.05.26"]
[EventType "swiss (blitz)"]

{[%evp 20,124,57,47,98,59,137,83,83,14,18,-51,-41,-55,62,-3,40,-33,59,56,58,0,45,42,56,53,591,591,589,588,732,567,567,567,1328,424,713,524,847,517,925,527,954,731,1627,735,714,727,715,695,1104,1075,29970,29971,29979,29980,29993,29973,29974,29975,29980,29981,29978,29977,29969,29978,29978,29979,6103,1190,788,279,257,-29972,-29974,-29979,-29980,-29982,-29983,-29989,-29978,-29973,-29979,-29979,-29980,-29980,-29980,-29982,-29983,-29985,-29986,-29986,-29985,-29986,-29985,-29986,-29987,-29987,-29988,-29989,-29990,-29990,-29991,-29991,-29991,-29992,-29990]} 1. Nf3 d6 2. e3 Nf6 3. d4 g6 4. Be2 Bg7 5. O-O O-O 6. c4 c5 7. Nc3 cxd4 8. exd4 Bg4 9. h3 Bxf3 10. Bxf3 Nc6 11. Be3 Rb8 {[#] E61: King's Indian: Early deviations for White, including Smyslov System.} (11... e5 $14) 12. Rc1 $146 ({Predecessor:} 12. Qe2 Nd7 13. d5 Nce5 14. Rac1 a6 15. b3 Qa5 16. Be4 f5 17. Bb1 f4 18. Bd2 f3 19. Qd1 fxg2 20. Kxg2 {½-½ (28) Wittmann,G (1903)-Nagorni,W (2049) Magdeburg 2015}) 12... Nd7 (12... e5 $14) 13. Re1 (13. d5 $142) 13... e5 $16 {White is better.} 14. d5 (14. dxe5 $16 dxe5 15. Bd5) 14... Nd4 $11 15. Bxd4 (15. Be2 $11) 15... exd4 $15 16. Nb5 Nc5 (16... Qb6 $1 $15 17. Qd2 a6) 17. Nxd4 ({White should play} 17. b4 $14 Na6 18. Qd2 (18. Nxd4 Nxb4 19. Re2 Na6 $11)) 17... Qb6 18. Nb3 ({White should try} 18. b3 $14) 18... Rbe8 (18... Bxb2 $15 19. Rb1 Be5) 19. Nxc5 $14 Qxc5 20. Qc2 (20. b3 $14) 20... a5 21. b3 Qb4 22. Kf1 Bc3 $2 {[%mdl 8192]} (22... Rxe1+ $14 23. Rxe1 b5) 23. Rxe8 $18 Rxe8 24. Qxc3 Qa3 25. Re1 Rxe1+ 26. Qxe1 Qxa2 {[#]} 27. Qd1 (27. c5 $142 $1 Qa3 (27... dxc5 28. Qd1) 28. cxd6 Qxd6 29. Qxa5) 27... Qb2 (27... a4 $142 28. bxa4 Qxc4+ 29. Kg1 b5 30. axb5 Qxb5) 28. g3 Kg7 29. Kg2 Qe5 (29... Qc3 $142 30. Bg4 Kf6) 30. h4 h5 31. Qd3 Qb2 32. g4 hxg4 33. Bxg4 Qe5 34. Qf3 b6 35. h5 gxh5 36. Bxh5 f5 37. Qg3+ Kf6 38. Qxe5+ Kxe5 {[%mdl 4096] Endgame KB-KP} 39. Kf3 Kd4 40. Kf4 Kc3 41. Bd1 Kd2 42. Kxf5 Kxd1 {KP-KP} 43. Ke6 Kc2 44. f4 (44. Kxd6 $142 Kxb3 45. c5 bxc5 46. Kxc5) 44... Kxb3 45. Kxd6 $2 {K3P-KPP} (45. f5 {Threatens to win with f6.} a4 46. f6 (46. Kxd6 $2 a3 $19)) 45... a4 {Strongly threatening ...a3.} 46. f5 $4 {[%mdl 8192]} (46. Ke6 $18) 46... a3 {Black mates.} 47. f6 a2 48. f7 a1=Q 49. c5 Qa3 50. Ke6 Qxc5 51. d6 Qe3+ 52. Kd7 Qf4 53. Ke7 Qe5+ 54. Kd8 Qxd6+ 55. Ke8 Qf6 56. Kf8 {[#]} Qxf7+ $1 57. Kxf7 {KP-K} b5 {[%cal Bb6b5,Bb5b4,Bb4b3][%mdl 32]} 58. Ke6 b4 59. Ke5 Kc4 60. Ke4 b3 61. Ke3 Kc3 62. Ke2 Kc2 {Black used his chance. Accuracy: White = 41%, Black = 40%.} 0-1

[Event "Stay Safe Play From Home 175"]
[Site "T#646355Emanuel Laske"]
[Date "2020.05.26"]
[Round "7"]
[White "AChessPlayer"]
[Black "Rish_97"]
[Result "1-0"]
[WhiteElo "2387"]
[BlackElo "2333"]
[Annotator "NA"]
[PlyCount "121"]
[EventDate "2020.05.26"]
[EventType "swiss (blitz)"]

1. Nf3 {[%emt 0:00:02]} c6 {[%emt 0:00:01]} 2. g3 {[%emt 0:00:00]} d5 {[%emt 0:00:00]} 3. Bg2 {[%emt 0:00:00]} Nf6 {[%emt 0:00:01]} 4. O-O {[%emt 0:00:00]} g6 {[%emt 0:00:00]} 5. d3 {[%emt 0:00:00]} Bg7 {[%emt 0:00:00]} 6. Nbd2 {[%emt 0:00:01]} O-O {[%emt 0:00:00]} 7. c4 {[%emt 0:00:01]} a5 {[%emt 0:00:02]} 8. Qc2 {[%emt 0:00:01]} Re8 {[%emt 0:00:00]} 9. b3 {[%emt 0:00:00]} Na6 {[%emt 0:00:02]} 10. Bb2 {[%emt 0:00:00]} Bf5 {[%emt 0:00:01]} 11. a3 {[%emt 0:00:01]} Qc7 {[%emt 0:00:01]} 12. Rac1 {[%emt 0:00:05]} Rac8 {[%emt 0:00:05]} 13. Be5 {[%emt 0:00:01]} Qd8 {[%emt 0:00:02]} 14. Qb2 {[%emt 0:00:00]} Nh5 {[%emt 0:00:02]} 15. Bxg7 {[%emt 0:00:02]} Nxg7 {[%emt 0:00:00]} 16. Nd4 {[%emt 0:00:03]} e5 {[%emt 0:00:02]} 17. Nxf5 {[%emt 0:00:02]} Nxf5 {[%emt 0:00:00]} 18. b4 {[%emt 0:00:00]} axb4 {[%emt 0:00:01]} 19. axb4 {[%emt 0:00:00]} Nd4 {[%emt 0:00:00]} 20. Rfe1 {[%emt 0:00:02]} dxc4 {[%emt 0:00:04]} 21. Nxc4 {[%emt 0:00:01]} Qe7 {[%emt 0:00:01]} 22. b5 {[%emt 0:00:01]} Nxb5 {[%emt 0:00:01]} 23. Na5 {[%emt 0:00:01]} Nb4 {[%emt 0:00:03]} 24. Nxb7 {[%emt 0:00:02]} Nxd3 {[%emt 0:00:03]} 25. exd3 {[%emt 0:00:01]} Qxb7 {[%emt 0:00:00]} 26. Rxe5 {[%emt 0:00:03]} Rxe5 {[%emt 0:00:02]} 27. Qxe5 {[%emt 0:00:00]} Qb6 {[%emt 0:00:00]} 28. d4 {[%emt 0:00:02]} Nxd4 {[%emt 0:00:01]} 29. h4 {[%emt 0:00:03]} h5 {[%emt 0:00:02]} 30. Kh2 {[%emt 0:00:03]} Qb2 {[%emt 0:00:01]} 31. Re1 {[%emt 0:00:01]} c5 {[%emt 0:00:04]} 32. Bd5 {[%emt 0:00:01]} Rf8 {[%emt 0:00:01]} 33. Qe7 {[%emt 0:00:01]} Qxf2+ {[%emt 0:00:01]} 34. Kh3 {[%emt 0:00:02]} Nf5 {[%emt 0:00:02]} 35. Qe5 {[%emt 0:00:03]} Qd4 {[%emt 0:00:02]} 36. Bg2 {[%emt 0:00:04]} Qxe5 {[%emt 0:00:03]} 37. Rxe5 {[%emt 0:00:00]} c4 {[%emt 0:00:00]} 38. Rc5 {[%emt 0:00:01]} Re8 {[%emt 0:00:01]} 39. Rxc4 {[%emt 0:00:01]} Re3 {[%emt 0:00:00]} 40. Rf4 {[%emt 0:00:00]} Kg7 {[%emt 0:00:00]} 41. Kh2 {[%emt 0:00:00]} Rxg3 {[%emt 0:00:00]} 42. Rxf5 {[%emt 0:00:01]} Rg4 {[%emt 0:00:00]} 43. Bh3 {[%emt 0:00:01]} Rxh4 {[%emt 0:00:00]} 44. Rf3 {[%emt 0:00:01]} Rxh3+ {[%emt 0:00:00]} 45. Rxh3 {[%emt 0:00:01]} Kh6 {[%emt 0:00:00]} 46. Ra3 {[%emt 0:00:00]} g5 {[%emt 0:00:00]} 47. Kg2 {[%emt 0:00:00]} Kg6 {[%emt 0:00:00]} 48. Ra6+ {[%emt 0:00:00]} f6 {[%emt 0:00:00]} 49. Ra5 {[%emt 0:00:00]} h4 {[%emt 0:00:00]} 50. Ra6 {[%emt 0:00:00]} Kh5 {[%emt 0:00:00]} 51. Ra5 {[%emt 0:00:00]} f5 {[%emt 0:00:00]} 52. Kh2 {[%emt 0:00:00]} g4 {[%emt 0:00:00]} 53. Ra6 {[%emt 0:00:00]} Kg5 {[%emt 0:00:00]} 54. Ra5 {[%emt 0:00:00]} h3 {[%emt 0:00:02]} 55. Ra4 {[%emt 0:00:00]} Kh4 {[%emt 0:00:00]} 56. Kg1 {[%emt 0:00:00]} f4 {[%emt 0:00:00]} 57. Ra3 {[%emt 0:00:00]} g3 {[%emt 0:00:00]} 58. Ra8 {[%emt 0:00:00]} Kg4 {[%emt 0:00:00]} 59. Rh8 {[%emt 0:00:00]} h2+ {[%emt 0:00:00]} 60. Kg2 {[%emt 0:00:01]} f3+ {[%emt 0:00:01]} 61. Kh1 {[%emt 0:00:00] Time (Lag: Av=0.50s, max=1.4s)} 1-0

[Event "Stay Safe Play From Home 175"]
[Site "T#646355Emanuel Laske"]
[Date "2020.05.26"]
[Round "7"]
[White "Mepe_Nika"]
[Black "Grizzzly"]
[Result "1-0"]
[WhiteElo "2254"]
[BlackElo "1687"]
[Annotator "RC"]
[PlyCount "49"]
[EventDate "2020.05.26"]
[EventType "swiss (blitz)"]

1. e4 {[%emt 0:00:02]} e6 {[%emt 0:00:01]} 2. d4 {[%emt 0:00:01]} d5 {[%emt 0:00:00]} 3. Bd3 {[%emt 0:00:01]} dxe4 {[%emt 0:00:01]} 4. Bxe4 {[%emt 0:00:00]} Nf6 {[%emt 0:00:01]} 5. Bf3 {[%emt 0:00:01]} Nc6 {[%emt 0:00:03]} 6. Ne2 {[%emt 0:00:01]} Bd6 {[%emt 0:00:03]} 7. Bg5 {[%emt 0:00:02]} O-O {[%emt 0:00:01]} 8. c4 {[%emt 0:00:01]} Be7 {[%emt 0:00:01]} 9. Nbc3 {[%emt 0:00:01]} h6 {[%emt 0:00:04]} 10. Be3 {[%emt 0:00:02]} Bd7 {[%emt 0:00:02]} 11. O-O {[%emt 0:00:01]} Rc8 {[%emt 0:00:01]} 12. a3 {[%emt 0:00:01]} Na5 {[%emt 0:00:00]} 13. Qd3 {[%emt 0:00:03]} c5 {[%emt 0:00:02]} 14. dxc5 {[%emt 0:00:03]} Bxc5 {[%emt 0:00:01]} 15. Bxc5 {[%emt 0:00:01]} Rxc5 {[%emt 0:00:00]} 16. b4 {[%emt 0:00:01]} Rxc4 {[%emt 0:00:11]} 17. bxa5 {[%emt 0:00:01]} Rh4 {[%emt 0:00:02]} 18. g3 {[%emt 0:00:02]} Rh3 {[%emt 0:00:02]} 19. Bg2 {[%emt 0:00:01]} Rh5 {[%emt 0:00:02]} 20. Bf3 {[%emt 0:00:02]} Rh3 {[%emt 0:00:01]} 21. Nf4 {[%emt 0:00:01]} e5 {[%emt 0:00:03]} 22. Nxh3 {[%emt 0:00:01]} Bxh3 {[%emt 0:00:00]} 23. Qxd8 {[%emt 0:00:02]} Rxd8 {[%emt 0:00:00]} 24. Bg2 {[%emt 0:00:01]} Bf5 {[%emt 0:00:02]} 25. Rfd1 {[%emt 0:00:01] Grizzzly gibt auf (Lag: Av=0.32s, max=0.6s)} 1-0

[Event "Stay Safe Play From Home 175"]
[Site "T#646355Emanuel Laske"]
[Date "2020.05.26"]
[Round "7"]
[White "Lamborghini"]
[Black "Justwatch"]
[Result "1-0"]
[WhiteElo "2188"]
[BlackElo "1754"]
[Annotator "TA"]
[PlyCount "39"]
[EventDate "2020.05.26"]
[EventType "swiss (blitz)"]

{[%evp 9,39,51,108,91,108,70,66,71,130,125,117,108,121,122,189,106,97,93,84,0,419,410,565,363,361,353,1512,1514,1546,1553,2437,2408]} 1. e4 Nf6 2. e5 Nd5 3. d4 d6 4. Nf3 Nb6 5. a4 Bg4 (5... dxe5 $14 6. Nxe5 N8d7) 6. a5 {B04: Alekhine's Defence: 4 Nf3.} N6d7 7. exd6 cxd6 {[#]} 8. Be2 $146 {White is slightly better.} ({Predecessor:} 8. h3 Bh5 9. Be2 e6 10. c3 Be7 11. O-O O-O 12. Re1 a6 13. d5 Bxf3 14. Bxf3 {1-0 (36) Matanovic,A-Ljubojevic,L Novi Sad 1975}) 8... g6 ({Black should try} 8... e6) 9. h3 $16 Bxf3 10. Bxf3 ({Don't play} 10. gxf3 $6 Bg7 $11) 10... Nc6 11. a6 Qc7 {[#]} (11... Qc8 $16) 12. axb7 ({White should play} 12. Nc3 $1 $18) 12... Qxb7 13. Nd2 Bg7 14. Nc4 (14. O-O $16) 14... O-O $2 {[%mdl 8192] [#]} (14... Qb4+ $11 {and Black stays safe.} 15. Nd2 Qb5) 15. Na5 $1 $18 {[%cal Ra5b7,Bc4a5,Ba5c6,Bc6d4,Bd4f3,Bf3d4][%mdl 32]} Qb4+ 16. Bd2 Qxd4 17. Nxc6 Ne5 $2 (17... Qxb2 18. Rb1 Qf6) 18. Nxd4 {[%mdl 64] Discovered Attack. White is clearly winning.} Nxf3+ 19. Nxf3 Bd4 20. Nxd4 {Accuracy: White = 61%, Black = 31%.} 1-0